[Event "Washington Chess Congress"]
[Site "Washington D.C."]
[Date "2015.10.08"]
[Round "2.11"]
[White "De Fotis, Gary"]
[Black "Hung, Daniel"]
[Result "0-1"]
[WhiteElo "1998"]
[BlackElo "1538"]
[PlyCount "94"]
[EventDate "2015.10.??"]
[EventType "swiss"]
[EventRounds "9"]
[EventCountry "USA"]

1. d4 d5 2. c4 dxc4 3. Nf3 Nf6 4. e3 Be6 5. Ne5 c6 6. Nxc4 Bxc4 7. Bxc4 e6 8.
O-O Bd6 9. Nc3 O-O 10. e4 e5 11. Be3 b5 12. dxe5 Bxe5 13. Bd3 Bd4 14. Qe2 Bxe3
15. Qxe3 Re8 16. Rfd1 Qb6 17. Qxb6 axb6 18. f3 Nbd7 19. a3 Nc5 20. Bc2 Rad8 21.
Ne2 Ne6 22. Bb3 Nc5 23. Bc2 Ne6 24. Kf2 g6 25. Ke3 Kf8 26. Bb3 Nc5 27. Ba2 Nfd7
28. Nd4 Ne5 29. h3 Rd7 30. b4 Red8 31. bxc5 bxc5 32. Ne6+ fxe6 33. Rxd7 Rxd7
34. Bxe6 Rd6 35. f4 Rxe6 36. fxe5 Rxe5 37. Rd1 Ke7 38. Kf4 Re6 39. e5 c4 40.
Rb1 Kd7 41. a4 bxa4 42. Ra1 c5 43. Rxa4 Rb6 44. Rxc4 Rb4 45. Re4 Ke6 46. g4
Rxe4+ 47. Kxe4 c4 0-1

[Event "Washington Chess Congress"]
[Site "Washington D.C."]
[Date "2015.10.08"]
[Round "2.12"]
[White "Checa, Nicolas D"]
[Black "Prieto, Alberto"]
[Result "1-0"]
[WhiteElo "2437"]
[BlackElo "2010"]
[PlyCount "125"]
[EventDate "2015.10.??"]
[EventType "swiss"]
[EventRounds "9"]
[EventCountry "USA"]

1. d4 d5 2. Nf3 Nf6 3. c4 dxc4 4. e3 e6 5. Bxc4 c5 6. O-O a6 7. Bb3 Nc6 8. Nc3
b6 9. Qe2 cxd4 10. exd4 Na5 11. Bc2 Bb7 12. Bg5 Be7 13. Rad1 O-O 14. Rfe1 Nd5
15. Bxe7 Qxe7 16. Qe4 Nf6 17. Qh4 h6 18. Ne5 Qd8 19. Qh3 Rc8 20. Re3 Nd5 21.
Rg3 Kh8 22. Qg4 Qg5 23. Qxg5 hxg5 24. Rh3+ Kg8 25. Bh7+ Kh8 26. Bg6+ Kg8 27.
Bh7+ Kh8 28. Be4+ Kg8 29. Bxd5 Bxd5 30. Nd7 Rfd8 31. Nxb6 Rc6 32. Nbxd5 exd5
33. b3 Re6 34. Re3 Nc6 35. Kf1 Rxe3 36. fxe3 f5 37. Rc1 Kf7 38. Ke2 Ke6 39. Na4
Kd6 40. Nc5 Rh8 41. h3 Re8 42. Kd2 Re7 43. Rf1 f4 44. exf4 Nxd4 45. Nxa6 gxf4
46. Rxf4 Ke5 47. Nb4 Kxf4 48. Nxd5+ Kg3 49. Nxe7 Kxg2 50. Kd3 Ne6 51. h4 Kg3
52. Ng6 Kg4 53. a4 Kh5 54. Ne5 Kxh4 55. a5 Kg5 56. Ke4 Kf6 57. Kd5 g5 58. Ng4+
Ke7 59. Kc6 Ke8 60. a6 Kd8 61. a7 Nc7 62. b4 Na8 63. b5 1-0

[Event "Washington Chess Congress"]
[Site "Washington D.C."]
[Date "2015.10.08"]
[Round "2.13"]
[White "Bhatty, Karan"]
[Black "Balck, Eric"]
[Result "1-0"]
[WhiteElo "2093"]
[BlackElo "1974"]
[PlyCount "80"]
[EventDate "2015.10.??"]
[EventType "swiss"]
[EventRounds "9"]
[EventCountry "USA"]

1. e4 e5 2. Nc3 Nc6 3. Nf3 Nf6 4. g3 Bc5 5. Bg2 O-O 6. d3 a6 7. O-O d6 8. Nd5
Nxd5 9. exd5 Nb4 10. Nd2 c6 11. dxc6 Nxc6 12. Ne4 Bb6 13. Qh5 f6 14. c4 Be6 15.
Nc3 Qd7 16. Be3 Bg4 17. Qh4 h5 18. h3 g5 19. Bxg5 fxg5 20. Qxg5+ Qg7 21. Qxg7+
Kxg7 22. hxg4 hxg4 23. Nd5 Nd4 24. Be4 Ba7 25. Kg2 Rf3 26. Rh1 Rf5 27. Bxf5
Nxf5 28. Rae1 Rf8 29. Re4 Nh6 30. Ne3 Bxe3 31. fxe3 Kg6 32. Rxh6+ Kxh6 33. Rxg4
Rc8 34. Kf3 Rc5 35. Ke4 a5 36. Rg8 b5 37. b3 a4 38. b4 bxc4 39. bxc5 d5+ 40.
Kxd5 c3 1-0

[Event "Washington Chess Congress"]
[Site "Washington D.C."]
[Date "2015.10.08"]
[Round "2.14"]
[White "Helfst, Matt"]
[Black "Macaspac, Arthur"]
[Result "1/2-1/2"]
[WhiteElo "1938"]
[BlackElo "2083"]
[PlyCount "107"]
[EventDate "2015.10.??"]
[EventType "swiss"]
[EventRounds "9"]
[EventCountry "USA"]

1. Nf3 Nf6 2. c4 g6 3. Nc3 Bg7 4. g3 b6 5. Bg2 Bb7 6. O-O c5 7. d4 cxd4 8. Nxd4
Bxg2 9. Kxg2 Nc6 10. Nxc6 dxc6 11. Qa4 Qc7 12. Bf4 Qb7 13. e4 Nd7 14. Qc2 O-O
15. Rad1 Rfd8 16. Rd2 Nc5 17. Rfd1 Rxd2 18. Rxd2 Qa6 19. Qd1 Qxc4 20. Rd8+ Rxd8
21. Qxd8+ Bf8 22. Bh6 Ne6 23. Qb8 b5 24. Bxf8 Nxf8 25. Qxa7 b4 26. Qa4 Ne6 27.
a3 c5 28. axb4 cxb4 29. Qa8+ Kg7 30. Qd5 Qd4 31. Qxd4+ Nxd4 32. Nd5 Nc6 33. f4
e6 34. Ne3 Kf6 35. e5+ Ke7 36. Kf3 g5 37. Ke4 gxf4 38. gxf4 f6 39. exf6+ Kxf6
40. Kd3 h5 41. Kc4 h4 42. Kc5 Ne7 43. Kd4 Nf5+ 44. Ke4 Nxe3 45. Kxe3 b3 46. h3
Kf5 47. Kf3 e5 48. fxe5 Kxe5 49. Kg4 Ke4 50. Kxh4 Kd3 51. Kg5 Kc2 52. h4 Kxb2
53. h5 Kc2 54. h6 1/2-1/2

[Event "Washington Chess Congress"]
[Site "Washington D.C."]
[Date "2015.10.08"]
[Round "2.15"]
[White "Strenzwilk, Denis"]
[Black "Balkhamishvili, Tamar"]
[Result "0-1"]
[WhiteElo "1852"]
[BlackElo "2065"]
[PlyCount "72"]
[EventDate "2015.10.??"]
[EventType "swiss"]
[EventRounds "9"]
[EventCountry "USA"]

1. e4 c5 2. Nf3 e6 3. d4 cxd4 4. Nxd4 Nf6 5. Nc3 d6 6. Be2 Be7 7. O-O Nc6 8.
Be3 O-O 9. f4 Qc7 10. Kh1 a6 11. Qe1 Re8 12. Rd1 Bd7 13. Qg3 b5 14. a3 b4 15.
axb4 Nxb4 16. e5 Nfd5 17. Nxd5 Nxd5 18. Bc1 Bf8 19. c3 Bc8 20. Bd3 Bb7 21. f5
dxe5 22. fxe6 f6 23. Qh3 g6 24. Ne2 f5 25. Bxf5 gxf5 26. Rxf5 Bg7 27. Rf7 Re7
28. c4 Nf6 29. Rxe7 Qxe7 30. Bg5 Bc8 31. Qf3 e4 32. Qc3 Bxe6 33. Nd4 Rf8 34.
Nc6 Qc5 35. Nb4 Ng4 36. Qd2 Nf2+ 0-1

[Event "Washington Chess Congress"]
[Site "Washington D.C."]
[Date "2015.10.08"]
[Round "2.16"]
[White "Wang, Justin"]
[Black "Yagiz, Bora"]
[Result "1-0"]
[WhiteElo "2046"]
[BlackElo "1952"]
[PlyCount "58"]
[EventDate "2015.10.??"]
[EventType "swiss"]
[EventRounds "9"]
[EventCountry "USA"]

1. e4 d6 2. d4 Nf6 3. Nc3 Nbd7 4. Nf3 e5 5. Bc4 Be7 6. O-O Nb6 7. Be2 exd4 8.
Nxd4 O-O 9. a4 a5 10. Be3 c6 11. f4 Qc7 12. b3 Re8 13. Re1 Bf8 14. Bd3 Nbd7 15.
Nf3 g6 16. Qd2 Nc5 17. Bxc5 dxc5 18. e5 Nd5 19. Ne4 Bf5 20. c4 Bxe4 21. Bxe4
Nb6 22. Qc2 Bh6 23. f5 Rxe5 24. fxg6 hxg6 25. Nxe5 Qxe5 26. Rad1 Qg5 27. Bf3
Bg7 28. g3 Bd4+ 29. Kh1 Nd7 {[%emt 0:00:38] White won on move 38} 1-0

[Event "Washington Chess Congress"]
[Site "Washington D.C."]
[Date "2015.10.08"]
[Round "2.17"]
[White "Currie, James"]
[Black "Collier, Philip"]
[Result "1-0"]
[WhiteElo "2043"]
[BlackElo "1837"]
[PlyCount "85"]
[EventDate "2015.10.??"]
[EventType "swiss"]
[EventRounds "9"]
[EventCountry "USA"]

1. e4 c5 2. Nf3 e6 3. d3 Nc6 4. g3 g6 5. Bg2 Bg7 6. Bf4 Bxb2 7. Nbd2 d6 8. O-O
Bg7 9. Nc4 e5 10. Bg5 Nge7 11. a4 Be6 12. Nfd2 Qd7 13. f4 Bg4 14. Qb1 h6 15.
Bxe7 Nxe7 16. Qxb7 Rd8 17. Qxd7+ Rxd7 18. f5 gxf5 19. h3 Bh5 20. exf5 f6 21.
Ne4 Nc8 22. Nc3 Bf7 23. Bc6 Kd8 24. Bxd7 Kxd7 25. Ne3 Ne7 26. Rab1 Kc6 27. Rb2
d5 28. Nb5 Ra8 29. c4 d4 30. Ng2 e4 31. Re1 e3 32. g4 h5 33. Reb1 hxg4 34. hxg4
a6 35. Na3 Ra7 36. Kf1 Kc7 37. Ke2 Nc6 38. Nc2 Ne5 39. Nf4 Nxg4 40. Rg1 Bh6 41.
Rxg4 Bxf4 42. Rxf4 Bh5+ 43. Ke1 1-0

[Event "Washington Chess Congress"]
[Site "Washington D.C."]
[Date "2015.10.08"]
[Round "2.18"]
[White "Mays, Shelly"]
[Black "Dommalapati, Aasa"]
[Result "1-0"]
[WhiteElo "2033"]
[BlackElo "1646"]
[PlyCount "41"]
[EventDate "2015.10.??"]
[EventType "swiss"]
[EventRounds "9"]
[EventCountry "USA"]

1. d4 Nf6 2. Nf3 g6 3. Bf4 Bg7 4. e3 d6 5. h3 O-O 6. Be2 c5 7. O-O Nbd7 8. c4
Qb6 9. Qc2 cxd4 10. exd4 Re8 11. Nc3 e5 12. Be3 Qd8 13. Rfd1 Qe7 14. Nb5 e4 15.
Nh2 Nf8 16. Bf4 Rd8 17. c5 d5 18. Bd6 Qd7 19. Nc7 Rb8 20. g4 h6 21. Bb5 1-0

[Event "Washington Chess Congress"]
[Site "Washington D.C."]
[Date "2015.10.08"]
[Round "3.1"]
[White "Sarkar, Justin"]
[Black "Yudasin, Leonid"]
[Result "1/2-1/2"]
[WhiteElo "2401"]
[BlackElo "2515"]
[PlyCount "38"]
[EventDate "2015.10.??"]
[EventType "swiss"]
[EventRounds "9"]
[EventCountry "USA"]

1. d4 Nf6 2. c4 e6 3. Nc3 Bb4 4. Qc2 d5 5. cxd5 Qxd5 6. Nf3 Qf5 7. Qb3 c5 8. a3
Bxc3+ 9. Qxc3 Nbd7 10. g4 Qd5 11. Bg2 cxd4 12. Qxd4 Qxd4 13. Nxd4 Nxg4 14. Nb5
Ke7 15. Bd2 Nge5 16. Bb4+ Kf6 17. Bc3 Ke7 18. Bb4+ Kf6 19. Bc3 Ke7 1/2-1/2

[Event "Washington Chess Congress"]
[Site "Washington D.C."]
[Date "2015.10.08"]
[Round "3.2"]
[White "Brodsky, David"]
[Black "El Debs, Felipe de Cresce"]
[Result "0-1"]
[WhiteElo "2251"]
[BlackElo "2503"]
[PlyCount "88"]
[EventDate "2015.10.??"]
[EventType "swiss"]
[EventRounds "9"]
[EventCountry "USA"]

1. e4 c5 2. Nf3 a6 3. c4 e6 4. d4 cxd4 5. Nxd4 Nf6 6. Nc3 Qc7 7. a3 b6 8. Be3
Bb7 9. f3 Be7 10. Be2 O-O 11. O-O Re8 12. Rc1 d6 13. b4 Nbd7 14. Qd2 Rac8 15.
Rfd1 Qb8 16. Nb3 Bd8 17. Kh1 Bc7 18. Bg1 d5 19. exd5 Bf4 20. Be3 Bxe3 21. Qxe3
exd5 22. Qd4 dxc4 23. Bxc4 Rcd8 24. Qf2 Qe5 25. b5 a5 26. Na4 Bd5 27. Bxd5 Nxd5
28. Qd4 Qg5 29. h4 Qg3 30. Qxd5 Qxh4+ 31. Kg1 Nf8 32. Qc6 Rxd1+ 33. Rxd1 Re1+
34. Rxe1 Qxe1+ 35. Kh2 Qh4+ 36. Kg1 Qe1+ 37. Kh2 Qh4+ 38. Kg1 Qxa4 39. Nc1 Qxa3
40. Ne2 Qe3+ 41. Kf1 a4 42. Qc3 Qe7 43. Nd4 Qe5 44. Qb4 a3 0-1

[Event "Washington Chess Congress"]
[Site "Washington D.C."]
[Date "2015.10.08"]
[Round "3.3"]
[White "Zierk, Steven"]
[Black "Mulyar, Michael"]
[Result "1/2-1/2"]
[WhiteElo "2498"]
[BlackElo "2400"]
[PlyCount "117"]
[EventDate "2015.10.??"]
[EventType "swiss"]
[EventRounds "9"]
[EventCountry "USA"]

1. e4 e5 2. Nf3 Nc6 3. Bb5 a6 4. Bxc6 dxc6 5. O-O f6 6. d4 exd4 7. Nxd4 c5 8.
Ne2 Qxd1 9. Rxd1 Bd7 10. Nbc3 O-O-O 11. Be3 Re8 12. Rd2 Bc6 13. Rad1 b6 14. a4
Ne7 15. Nf4 Ng6 16. Nfd5 Kb7 17. a5 b5 18. f3 Bd6 19. Bf2 Ne5 20. Ne3 Bd7 21.
Ncd5 Be6 22. c4 b4 23. Nb6 Be7 24. Na4 Bxc4 25. Nxc4 Nxc4 26. Rc2 Nxa5 27. Bxc5
Nc6 28. Bxe7 Rxe7 29. Nc5+ Kb6 30. Nd7+ Kb7 31. Nc5+ Kb6 32. Nxa6 Kxa6 33.
Rxc6+ Kb5 34. Rdc1 Ka4 35. Rxc7 Rxc7 36. Rxc7 Kb3 37. Rb7 Rc8 38. h4 h5 39. Kh2
Rc4 40. Rxg7 Kxb2 41. g4 hxg4 42. fxg4 Rxe4 43. Kg3 b3 44. Rf7 Re6 45. h5 Rb6
46. h6 Kc3 47. Rc7+ Kd2 48. Rd7+ Kc2 49. Rc7+ Kd2 50. Rd7+ Kc2 51. h7 Rb8 52.
Rc7+ Kd2 53. Rd7+ Kc2 54. Rc7+ Kd2 55. Rb7 Rxb7 56. h8=Q b2 57. Qd8+ Ke2 58.
Qe8+ Kd2 59. Qd8+ 1/2-1/2

[Event "Washington Chess Congress"]
[Site "Washington D.C."]
[Date "2015.10.08"]
[Round "3.4"]
[White "Hung, Daniel"]
[Black "Velikanov, Alexander"]
[Result "0-1"]
[WhiteElo "1538"]
[BlackElo "2304"]
[PlyCount "66"]
[EventDate "2015.10.??"]
[EventType "swiss"]
[EventRounds "9"]
[EventCountry "USA"]

1. e4 c5 2. Nc3 e6 3. f4 a6 4. d3 d5 5. Nf3 Nf6 6. Be2 Nc6 7. O-O Be7 8. Qe1 b5
9. e5 Nd7 10. Bd1 Qc7 11. Qg3 g6 12. Re1 Bb7 13. Ne2 O-O-O 14. c3 f5 15. Ng5
Bxg5 16. Qxg5 d4 17. Bb3 Rde8 18. cxd4 cxd4 19. Bd2 Nc5 20. Qg3 Nxb3 21. axb3
b4 22. Qf2 Rd8 23. Rec1 Qb6 24. Rc4 Kb8 25. Nxd4 Rxd4 26. Be3 Rhd8 27. Rac1
Rxc4 28. dxc4 Nd4 29. c5 Qc6 30. Bxd4 Rxd4 31. Kf1 Qd5 32. Rc2 Rd1+ 33. Ke2 Qd4
0-1

[Event "Washington Chess Congress"]
[Site "Washington D.C."]
[Date "2015.10.08"]
[Round "3.7"]
[White "Kaufman, Larry C"]
[Black "Bhatty, Karan"]
[Result "1-0"]
[WhiteElo "2306"]
[BlackElo "2093"]
[PlyCount "95"]
[EventDate "2015.10.??"]
[EventType "swiss"]
[EventRounds "9"]
[EventCountry "USA"]

1. e4 c5 2. Nf3 Nc6 3. Bb5 g6 4. Bxc6 dxc6 5. d3 Bg7 6. h3 b6 7. Nc3 e5 8. O-O
Ne7 9. a3 a5 10. Bd2 h6 11. Ne2 a4 12. Bc3 Qd6 13. Nd2 g5 14. Nc4 Qc7 15. f4
Ng6 16. f5 Nf4 17. Nxf4 gxf4 18. Rxf4 Bf6 19. Rf1 Ba6 20. Qh5 O-O-O 21. Ne3
Rdg8 22. Ng4 Qe7 23. Nxe5 Bxe5 24. f6 Qe6 25. Qxe5 Qxh3 26. Qf5+ Qxf5 27. Rxf5
Kb8 28. Re5 Re8 29. Re7 Rxe7 30. fxe7 Re8 31. Bf6 Bc8 32. Be5+ Kb7 33. Bd6 Be6
34. Rf1 Kc8 35. e5 Kd7 36. Rf4 Rg8 37. Rxa4 Ba2 38. Ra7+ Ke6 39. Rb7 c4 40.
dxc4 Bxc4 41. Rxb6 Bd5 42. Rb4 Rxg2+ 43. Kf1 Rg8 44. Rh4 Kf5 45. Rxh6 Ke4 46.
Kf2 Be6 47. Rh4+ Kd5 48. c4# 1-0

[Event "Washington Chess Congress"]
[Site "Washington D.C."]
[Date "2015.10.08"]
[Round "3.8"]
[White "Balkhamishvili, Tamar"]
[Black "Zlotnikov, Mikhail"]
[Result "1/2-1/2"]
[WhiteElo "2065"]
[BlackElo "2281"]
[PlyCount "150"]
[EventDate "2015.10.??"]
[EventType "swiss"]
[EventRounds "9"]
[EventCountry "USA"]

1. e4 g6 2. d4 Bg7 3. f4 d5 4. e5 c6 5. Nf3 f6 6. Bd3 Nh6 7. Qe2 O-O 8. Be3
fxe5 9. fxe5 c5 10. dxc5 Nc6 11. Nc3 Nf7 12. O-O-O Ncxe5 13. Bb5 e6 14. Nxe5
Nxe5 15. h4 h5 16. Kb1 Ng4 17. Bg5 Qc7 18. Bd3 Rf2 19. Qe1 Qf7 20. Nb5 Be5 21.
Nd6 Bxd6 22. cxd6 Bd7 23. Be3 Rxg2 24. Rf1 Qg7 25. Bg5 Rf8 26. Rxf8+ Qxf8 27.
Bxg6 Qxd6 28. Bxh5 Qe5 29. Qxe5 Nxe5 30. a3 Kg7 31. Re1 Nc4 32. Re2 Rg1+ 33.
Ka2 Nd6 34. b3 Ne4 35. Bd2 Ng3 36. Re5 Ne4 37. Bf4 Rh1 38. Bf3 Rxh4 39. Be3 Rh3
40. Bd4 Nf6 41. Bxd5 exd5 42. Re7+ Kg6 43. Bxf6 Bf5 44. Bd4 Bxc2 45. Rxb7 a6
46. Kb2 Bd1 47. Rb6+ Kf5 48. Rxa6 Bxb3 49. Bc3 Bc4 50. Rf6+ Ke4 51. Rf2 d4 52.
Bb4 Bd3 53. Rd2 Kd5 54. Rf2 Kc4 55. Rd2 Be4 56. Ka2 Bd5 57. Kb2 Rb3+ 58. Ka1
Be4 59. Ka2 Rg3 60. Kb2 Rg4 61. Ka2 Bf3 62. Kb2 d3 63. Ka2 Be2 64. Kb2 Kd4 65.
Bc3+ Ke3 66. Ba5 Ra4 67. Bc3 Ra8 68. Ka2 Rc8 69. Bb4 Bf3 70. Ba5 Bd5+ 71. Ka1
Bb3 72. Bb4 Kd4 73. Kb2 Ke4 74. Rh2 Kd4 75. Rd2 Kc4 1/2-1/2

[Event "Washington Chess Congress"]
[Site "Washington D.C."]
[Date "2015.10.08"]
[Round "3.9"]
[White "Jacobson, Brandon"]
[Black "Shen, Christopher"]
[Result "1-0"]
[WhiteElo "2265"]
[BlackElo "2081"]
[PlyCount "65"]
[EventDate "2015.10.??"]
[EventType "swiss"]
[EventRounds "9"]
[EventCountry "USA"]

1. d4 d6 2. Nf3 g6 3. c4 Bg7 4. Nc3 Nd7 5. e4 e5 6. Be2 Ne7 7. O-O O-O 8. Be3
h6 9. dxe5 Nxe5 10. Nxe5 dxe5 11. Qc1 Kh7 12. Rd1 Qe8 13. Nd5 Nxd5 14. cxd5 Qd8
15. Qc5 f5 16. Rac1 f4 17. Bd2 Rf7 18. Qc3 Bf8 19. Be1 Bd6 20. f3 g5 21. Bf2 h5
22. g3 Qf6 23. Kg2 g4 24. gxf4 Qxf4 25. Bg3 Qg5 26. Qd2 Qg6 27. Rf1 h4 28. fxg4
hxg3 29. Rxf7+ Qxf7 30. hxg3 Qg6 31. Rh1+ Kg7 32. Rh5 Be7 33. Qc3 {White
eventually won} 1-0

[Event "Washington Chess Congress"]
[Site "Washington D.C."]
[Date "2015.10.08"]
[Round "3.10"]
[White "Stancil, Kimani A"]
[Black "Yu, Jennifer"]
[Result "1/2-1/2"]
[WhiteElo "2042"]
[BlackElo "2220"]
[PlyCount "102"]
[EventDate "2015.10.??"]
[EventType "swiss"]
[EventRounds "9"]
[EventCountry "USA"]

1. e4 c5 2. Nf3 d6 3. d4 cxd4 4. Nxd4 Nf6 5. Nc3 a6 6. Bc4 e6 7. Bb3 b5 8. a3
Be7 9. Be3 Qc7 10. f3 Nc6 11. Nxc6 Qxc6 12. O-O O-O 13. g4 Bb7 14. g5 Nd7 15.
Qe1 Ne5 16. Rd1 Rac8 17. Rd4 Qc7 18. Qg3 Nc6 19. Rd2 Na5 20. Rd4 Nxb3 21. cxb3
Qb6 22. Rd3 Qc6 23. Rfd1 a5 24. Ne2 Ba6 25. Nd4 Qd7 26. R3d2 Rc7 27. h4 Rfc8
28. Qg4 g6 29. Qg2 Rc1 30. h5 Bb7 31. hxg6 hxg6 32. Qh3 Bf8 33. Kf2 Bg7 34.
Rxc1 Rxc1 35. Ne2 Rc8 36. Bf4 d5 37. e5 Qc7 38. Qg3 Kf8 39. Nd4 Qd7 40. Be3 Ba6
41. f4 Ke7 42. Rc2 b4 43. Rxc8 Qxc8 44. axb4 axb4 45. Bd2 Kd7 46. Qg1 Bf8 47.
Qa1 Bc5 48. Qa4+ Kd8 49. Qa5+ Ke8 50. Qa4+ Kd8 51. Ke3 Ke7 {Drawn on move 62}
1/2-1/2

[Event "Washington Chess Congress"]
[Site "Washington D.C."]
[Date "2015.10.08"]
[Round "3.11"]
[White "Taborsky, Rostislav"]
[Black "Wang, Justin"]
[Result "1/2-1/2"]
[WhiteElo "2220"]
[BlackElo "2046"]
[PlyCount "56"]
[EventDate "2015.10.??"]
[EventType "swiss"]
[EventRounds "9"]
[EventCountry "USA"]

1. d4 Nf6 2. c4 e6 3. g3 d5 4. Nf3 Be7 5. Bg2 O-O 6. O-O Nbd7 7. Qc2 a6 8. Rd1
dxc4 9. Qxc4 c5 10. Qc2 cxd4 11. Nxd4 Bc5 12. Nc3 Qe7 13. b3 Rd8 14. Bb2 Nf8
15. Na4 Ba7 16. Rac1 e5 17. Nf5 Bxf5 18. Qxf5 Ng6 19. h4 Rxd1+ 20. Rxd1 Re8 21.
Nc3 Nf8 22. Ne4 Nxe4 23. Qxe4 b5 24. e3 Bc5 25. Qc6 b4 26. Qd5 Ne6 27. Bh3 Ba7
28. Bxe5 Nf8 {Game eventually drawn} 1/2-1/2

[Event "Washington Chess Congress"]
[Site "Washington D.C."]
[Date "2015.10.08"]
[Round "3.12"]
[White "Darmonovic, Srdjan"]
[Black "Currie, James"]
[Result "1/2-1/2"]
[WhiteElo "2211"]
[BlackElo "2043"]
[PlyCount "94"]
[EventDate "2015.10.??"]
[EventType "swiss"]
[EventRounds "9"]
[EventCountry "USA"]

1. Nf3 d6 2. c4 g6 3. Nc3 f5 4. g3 e5 5. d3 Nf6 6. Bg2 Bg7 7. O-O h6 8. Rb1 a5
9. a3 O-O 10. b4 e4 11. dxe4 fxe4 12. Nd4 axb4 13. axb4 Bf5 14. Nxf5 gxf5 15.
Nd5 Ng4 16. h3 Ne5 17. c5 Nbc6 18. b5 Nd4 19. cxd6 Qxd6 20. Nf4 c5 21. bxc6
bxc6 22. Be3 c5 23. Bxd4 cxd4 24. Rb7 Rab8 25. Qb3+ Kh8 26. Rb1 Nc6 27. Qe6
Rxb7 28. Rxb7 Qxe6 29. Nxe6 Nd8 30. Nxf8 Nxb7 31. Ng6+ Kh7 32. Nf4 Nd6 33. Kf1
Nc4 34. Ke1 Be5 35. Nd5 Nd6 36. Kd1 Kg7 37. Kc2 h5 38. h4 Kf7 39. Bh3 Bf6 40.
Nf4 Be5 41. Nd5 Kg7 42. Ne7 Kf6 43. Nd5+ Kf7 44. Kd1 d3 45. exd3 exd3 46. Nb4
Ne4 47. Nxd3 Nxf2+ 1/2-1/2

[Event "Washington Chess Congress"]
[Site "Washington D.C."]
[Date "2015.10.08"]
[Round "3.13"]
[White "Gorti, Akshita"]
[Black "Mays, Shelly"]
[Result "1-0"]
[WhiteElo "2211"]
[BlackElo "2033"]
[PlyCount "77"]
[EventDate "2015.10.??"]
[EventType "swiss"]
[EventRounds "9"]
[EventCountry "USA"]

1. d4 Nf6 2. c4 c5 3. d5 e5 4. Nc3 d6 5. e4 Be7 6. Bd3 Nbd7 7. Nge2 Nf8 8. f3
Ng6 9. Be3 a6 10. a3 h6 11. b4 b6 12. Rb1 O-O 13. O-O Nh7 14. Qc2 Bg5 15. Bf2
Nf6 16. Na4 Nd7 17. Rb2 Nf4 18. Rfb1 Qc7 19. Nc1 Rb8 20. bxc5 dxc5 21. Bf1 Bd8
22. g3 Ng6 23. Bh3 Bb7 24. Bxd7 Qxd7 25. Bxc5 bxc5 26. Rxb7 Rxb7 27. Nxc5 Qe7
28. Nxb7 Qxa3 29. Nd3 Bg5 30. c5 f5 31. c6 fxe4 32. fxe4 Ne7 33. Qb3 Be3+ 34.
Kg2 Qxb3 35. Rxb3 Bd4 36. Ra3 g5 37. Rxa6 Nxd5 38. exd5 e4 39. Ra4 1-0

[Event "Washington Chess Congress"]
[Site "Washington D.C."]
[Date "2015.10.09"]
[Round "3.14"]
[White "Paul, Justin"]
[Black "Samuelson, Andrew"]
[Result "0-1"]
[WhiteElo "1926"]
[BlackElo "2185"]
[PlyCount "88"]
[EventDate "2015.10.??"]
[EventType "swiss"]
[EventRounds "9"]
[EventCountry "USA"]

1. Nf3 c5 2. g3 Nc6 3. Bg2 g6 4. c4 Bg7 5. O-O d6 6. Nc3 e5 7. d3 Nge7 8. Ne1
Be6 9. Nd5 O-O 10. Nc2 Rb8 11. a4 f5 12. Bd2 h6 13. Qc1 g5 14. f4 exf4 15. gxf4
g4 16. e3 Ng6 17. Bc3 Qd7 18. Qe1 Rbe8 19. Bxg7 Qxg7 20. Qc3 Nh4 21. Qxg7+ Kxg7
22. Bh1 Rf7 23. Kf2 h5 24. a5 a6 25. Ra3 Ng6 26. Rfa1 Bxd5 27. Bxd5 Rfe7 28.
Bxc6 bxc6 29. Rb3 Nxf4 30. Kg3 Ng6 31. Rf1 h4+ 32. Kg2 f4 33. Rb6 fxe3 34. Ne1
Ne5 35. Rxa6 Rb8 36. Rb6 Rxb6 37. axb6 Rb7 38. h3 Rxb6 39. hxg4 Rxb2+ 40. Kh3
Rf2 41. Rg1 Ng6 42. Ng2 e2 43. Ne1 Nf4+ 44. Kxh4 Rf1 0-1

[Event "Washington Chess Congress"]
[Site "Washington D.C."]
[Date "2015.10.08"]
[Round "3.15"]
[White "Nguyen, Trung"]
[Black "Tia Jr, Rudy"]
[Result "1-0"]
[WhiteElo "1916"]
[BlackElo "2146"]
[PlyCount "121"]
[EventDate "2015.10.??"]
[EventType "swiss"]
[EventRounds "9"]
[EventCountry "USA"]

1. d4 Nf6 2. c4 c5 3. d5 e6 4. Nc3 exd5 5. cxd5 d6 6. e4 g6 7. h3 Bg7 8. Nf3
O-O 9. Bd3 a6 10. a4 Nbd7 11. O-O Rb8 12. Bf4 Qe7 13. Qc2 Nh5 14. Bh2 g5 15.
Ne2 Be5 16. Nxe5 dxe5 17. a5 b5 18. axb6 Rxb6 19. Ng3 Nxg3 20. Bxg3 Bb7 21. Bc4
h5 22. f3 Rg6 23. Qe2 Qd6 24. Bf2 Rb8 25. Be3 Bc8 26. g4 Qf6 27. Rf2 h4 28.
Rff1 Qb6 29. Rfb1 a5 30. b3 Qd8 31. Bd2 Ra8 32. Ra4 Nb6 33. Rxa5 Rxa5 34. Bxa5
Qd6 35. Bxb6 Qxb6 36. Ra1 Bb7 37. Qd2 Kf8 38. Qa5 Ke7 39. Qxb6 Rxb6 40. Ra5 Kd6
41. Kf2 f6 42. Ke3 Rb4 43. Kd3 Bc8 44. Kc3 Bb7 45. Kc2 Kc7 46. Kc3 Kb6 47. Ra1
Kc7 48. Ra7 Kd6 49. Ba6 Bxa6 50. Rxa6+ Ke7 51. Ra7+ Ke8 52. Rc7 Rb5 53. Kc4
Rb4+ 54. Kxc5 Rxb3 55. Kd6 Kd8 56. Rf7 Rb6+ 57. Kc5 Ra6 58. Kb5 Rd6 59. Ra7 Ke8
60. Kc5 Rd8 61. d6 1-0

[Event "Washington Chess Congress"]
[Site "Washington D.C."]
[Date "2015.10.08"]
[Round "3.16"]
[White "Jacobson, Aaron"]
[Black "Potula, Kapish"]
[Result "1-0"]
[WhiteElo "2119"]
[BlackElo "1902"]
[PlyCount "42"]
[EventDate "2015.10.??"]
[EventType "swiss"]
[EventRounds "9"]
[EventCountry "USA"]

1. c4 e5 2. Nc3 d6 3. g3 f5 4. Bg2 Nf6 5. e3 g6 6. Nge2 Bg7 7. O-O O-O 8. b3 c6
9. Bb2 Nbd7 10. Qc2 e4 11. d3 exd3 12. Qxd3 Nc5 13. Qc2 Nfe4 14. Rfd1 Qe7 15.
Nxe4 Nxe4 16. Bxg7 Kxg7 17. Rd4 c5 18. Rdd1 g5 19. Qd3 Rf6 20. f3 Bd7 21. fxe4
Qxe4 1-0

[Event "Washington Chess Congress"]
[Site "Washington D.C."]
[Date "2015.10.08"]
[Round "3.17"]
[White "Jian, Alex"]
[Black "De Fotis, Gary"]
[Result "1/2-1/2"]
[WhiteElo "1907"]
[BlackElo "1998"]
[PlyCount "50"]
[EventDate "2015.10.??"]
[EventType "swiss"]
[EventRounds "9"]
[EventCountry "USA"]

1. d4 Nf6 2. c4 e6 3. Nc3 Bb4 4. Qc2 O-O 5. a3 Bxc3+ 6. Qxc3 b6 7. Bg5 Bb7 8.
e3 c5 9. dxc5 bxc5 10. Nf3 d6 11. Be2 Nbd7 12. Rd1 Qb6 13. Nd2 a5 14. O-O a4
15. Qc2 d5 16. cxd5 exd5 17. Bd3 Rfe8 18. Bf5 h6 19. Bf4 Bc6 20. Rfe1 Bb5 21.
e4 Nh5 22. Bxd7 Bxd7 23. Be3 d4 24. Nc4 Qa6 25. Bd2 Qg6 1/2-1/2

[Event "Washington Chess Congress"]
[Site "Washington D.C."]
[Date "2015.10.08"]
[Round "3.18"]
[White "Macaspac, Arthur"]
[Black "Prieto, Alberto"]
[Result "0-1"]
[WhiteElo "2083"]
[BlackElo "2010"]
[PlyCount "124"]
[EventDate "2015.10.??"]
[EventType "swiss"]
[EventRounds "9"]
[EventCountry "USA"]

1. d4 d5 2. c4 dxc4 3. e3 Nf6 4. Bxc4 e6 5. Nf3 c5 6. O-O a6 7. Qe2 b5 8. Bd3
Bb7 9. Nbd2 Nbd7 10. a4 c4 11. Bc2 Be7 12. axb5 axb5 13. Rxa8 Qxa8 14. Rd1 O-O
15. Ne1 Nb6 16. f3 Na4 17. Nb1 Rc8 18. e4 b4 19. b3 Nb6 20. bxc4 Nxc4 21. Nd2
Na3 22. Bd3 Qa4 23. Bb2 Nd7 24. Ra1 Qa7 25. Kh1 Nb6 26. Nb1 Na4 27. Bb5 Nxb2
28. Qxb2 Qb6 29. Bd3 Qc7 30. Kg1 Qc1 31. Qxc1 Rxc1 32. Kf2 Bc6 33. Ke2 Ba4 34.
f4 Bd8 35. Ra2 Be7 36. Nxa3 bxa3 37. Nc2 Bb3 38. Kd2 Rg1 39. Ra1 Rxg2+ 40. Kc3
Bxc2 41. Bxc2 Rxh2 42. f5 exf5 43. exf5 g5 44. Rb1 Bf6 45. Rb8+ Kg7 46. Bb3 a2
47. Ra8 Rh3+ 48. Kc4 Rh4 49. Bxa2 Rxd4+ 50. Kc5 Rd7 51. Kc6 Re7 52. Kd6 h5 53.
Bd5 g4 54. Ra4 Re5 55. Ra7 Rxd5+ 56. Kxd5 h4 57. Ke4 Bg5 58. Ra1 Kh6 59. Ra7 h3
60. Ra1 Kh5 61. Rh1 Kh4 62. Ke5 g3 0-1